000 00968nam a2200217Ia 4500
999 _c5412
_d5412
003 OSt
005 20200528122522.0
008 191128s1977 ck gr 000 0dspa d
040 _aCO-JMCR
_cCO-JMCR
041 0 _aspa
082 0 4 _a330.122 /
_bA662p
_223
100 1 _aArango Jaramillo, Mario,
_eautor
_94803
245 1 3 _aEl proceso del capitalismo en Colombia :
_bevolución del campo hacia el capitalismo (siglo 19) /
_cMario Arango Jaramillo
260 _aMedellín :
_bHombre Nuevo,
_c1978
300 _a221 páginas ;
_c17 cm.
504 _aBibliografía: páginas 204-214.
505 _aEl desarrollo del capitalismo en un país sometido al mercado mundial capitalista -- La transformación, en Colombia, de economías agrícolas precapitalistas en comerciales -- Conquista y colonización del centro y occidente -- La colonización y el nacimiento
650 1 4 _aHistoria económico
_94808
650 2 4 _aProducción Capitalismo
_94805
942 _2ddc
_cBK